Perfect Squares and Cubes 1-40 - Statistics

General Stats
  • This quiz has been taken 196 times
    173 since last reset
  • The average score is 57 of 80
Answer Stats
Hint Answer % Correct
1
99%
1
99%
4
99%
64
99%
64
99%
8
99%
25
97%
9
97%
16
96%
27
96%
36
96%
10² 100
95%
12² 144
95%
49
95%
11² 121
93%
125
93%
21² 441
93%
22² 484
93%
27² 729
93%
729
93%
13² 169
92%
14² 196
92%
15² 225
92%
16² 256
92%
17² 289
92%
20² 400
92%
23² 529
92%
24² 576
92%
25² 625
92%
26² 676
92%
28² 784
92%
81
92%
29² 841
92%
30² 900
92%
32² 1024
91%
33² 1089
91%
18² 324
91%
19² 361
91%
31² 961
91%
34² 1156
89%
35² 1225
89%
36² 1296
89%
37² 1369
89%
38² 1444
89%
39² 1521
88%
40² 1600
88%
216
87%
343
87%
10³ 1000
85%
11³ 1331
84%
512
84%
15³ 3375
76%
12³ 1728
75%
13³ 2197
75%
16³ 4096
75%
14³ 2744
73%
20³ 8000
73%
17³ 4913
72%
18³ 5832
72%
19³ 6859
69%
21³ 9261
63%
25³ 15625
60%
22³ 10648
36%
24³ 13824
35%
30³ 27000
31%
40³ 64000
28%
23³ 12167
27%
26³ 17576
7%
27³ 19683
5%
28³ 21952
5%
31³ 29791
5%
32³ 32768
5%
29³ 24389
4%
33³ 35937
4%
34³ 39304
4%
35³ 42875
4%
36³ 46656
4%
37³ 50653
4%
38³ 54872
4%
39³ 59319
4%
No matching quizzes found
Score Distribution
Percent of People with Each Score
Percentile by Number Answered
Your Score History
You have not taken this quiz since the last reset